An Evaluation of low-level laser therapy transcutaneous electrical nerve stimulation and trigger point injections as an adjunct pharmacotherapy for myofascial pain dysfunction syndrome a comparative study (Record no. 34627)

MARC details
000 -LEADER
fixed length control field 00471nam a22001337a 4500
003 - CONTROL NUMBER IDENTIFIER
control field SGT
082 ## - DEWEY DECIMAL CLASSIFICATION NUMBER
Classification number 617.63
Item number E26B
100 ## - MAIN ENTRY--PERSONAL NAME
Personal name Bamang Pino
245 ## - TITLE STATEMENT
Title An Evaluation of low-level laser therapy transcutaneous electrical nerve stimulation and trigger point injections as an adjunct pharmacotherapy for myofascial pain dysfunction syndrome a comparative study
260 ## - PUBLICATION, DISTRIBUTION, ETC. (IMPRINT)
Place of publication, distribution, etc Gurugram
Name of publisher, distributor, etc SGTU
Year of Publication 2026
300 ## - PAGE DESCRIPTION
No. of Pages 98
650 ## - SUBJECT ADDED ENTRY--TOPICAL TERM
Topical term or geographic name as entry element Oral Medicine & Radiology
942 ## - ADDED ENTRY ELEMENTS (KOHA)
Source of classification or shelving scheme Dewey Decimal Classification
Koha item type Thesis/Dissertation
Holdings
Withdrawn status Lost status Source of classification or shelving scheme Damaged status Use restrictions Not for loan Home library Current library Shelving location Date acquired Total Checkouts Full call number Accession No. (Barcode) Date last seen Bill Date Koha item type
    Dewey Decimal Classification   Restricted Access Not For Loan SGT Dental Library SGT Dental Library Reference Book 11/04/2026   617.63 E26B DT2682 11/04/2026 11/04/2026 Thesis/Dissertation